New York, actually / (Record no. 30229)

MARC details
000 -LEADER
fixed length control field 01771cam a2200373 i 4500
001 - CONTROL NUMBER
control field ocn959806043
003 - CONTROL NUMBER IDENTIFIER
control field OCoLC
005 - DATE AND TIME OF LATEST TRANSACTION
control field 20250116140448.0
008 - FIXED-LENGTH DATA ELEMENTS--GENERAL INFORMATION
fixed length control field 160930s2017 onc 000 1 eng d
020 ## - INTERNATIONAL STANDARD BOOK NUMBER
International Standard Book Number 9780373804108
Qualifying information (paperback)
020 ## - INTERNATIONAL STANDARD BOOK NUMBER
International Standard Book Number 0373804105
Qualifying information (paperback)
035 ## - SYSTEM CONTROL NUMBER
System control number (OCoLC)959806043
040 ## - CATALOGING SOURCE
Original cataloging agency BTCTA
Language of cataloging eng
Transcribing agency BTCTA
Modifying agency BDX
-- NZAUC
-- OCLCO
-- VTL
-- TnLvILS
043 ## - GEOGRAPHIC AREA CODE
Geographic area code n-us-ny
100 1# - MAIN ENTRY--PERSONAL NAME
Personal name Morgan, Sarah
Titles and words associated with a name (Romance fiction writer),
Relator term author.
245 10 - TITLE STATEMENT
Title New York, actually /
Statement of responsibility, etc. Sarah Morgan.
264 #1 - PRODUCTION, PUBLICATION, DISTRIBUTION, MANUFACTURE, AND COPYRIGHT NOTICE
Place of production, publication, distribution, manufacture Don Mills, Ontario, Canada :
Name of producer, publisher, distributor, manufacturer HQN,
Date of production, publication, distribution, manufacture, or copyright notice [2017]
300 ## - PHYSICAL DESCRIPTION
Extent 374 pages ;
Dimensions 17 cm.
336 ## - CONTENT TYPE
Content type term text
Source rdacontent.
337 ## - MEDIA TYPE
Media type term unmediated
Source rdamedia.
338 ## - CARRIER TYPE
Carrier type term volume
Source rdacarrier.
490 1# - SERIES STATEMENT
Series statement From Manhattan with love.
520 ## - SUMMARY, ETC.
Summary, etc. Meet Molly, New York's most famous agony aunt, who considers herself an expert at relationships--as long as they're other people's. The only love of her life is her Dalmatian Valentine. Meet Daniel, a cynical divorce lawyer, who's hardwired to think relationships are a bad idea: if you don't get involved, no one can get hurt. But then he finds himself borrowing a dog to meet the gorgeous woman he sees running in Central Park every morning. Molly and Daniel think they know everything there is to know about relationships--until they meet each other that is.
650 #0 - SUBJECT ADDED ENTRY--TOPICAL TERM
Topical term or geographic name as entry element Advice columnists
Form subdivision Fiction.
650 #0 - SUBJECT ADDED ENTRY--TOPICAL TERM
Topical term or geographic name as entry element Bloggers
Form subdivision Fiction.
650 #0 - SUBJECT ADDED ENTRY--TOPICAL TERM
Topical term or geographic name as entry element Dogs
Form subdivision Fiction.
651 #0 - SUBJECT ADDED ENTRY--GEOGRAPHIC NAME
Geographic name Manhattan (New York, N.Y.)
Form subdivision Fiction.
651 #0 - SUBJECT ADDED ENTRY--GEOGRAPHIC NAME
Geographic name Central Park (New York, N.Y.)
Form subdivision Fiction.
655 #7 - INDEX TERM--GENRE/FORM
Genre/form data or focus term Legal fiction (Literature)
Source of term lcgft.
655 #7 - INDEX TERM--GENRE/FORM
Genre/form data or focus term Romance fiction.
Source of term lcgft.
800 1# - SERIES ADDED ENTRY--PERSONAL NAME
Personal name Morgan, Sarah,
Titles and other words associated with a name (Romance fiction writer).
Title of a work From Manhattan with love.
907 ## - LOCAL DATA ELEMENT G, LDG (RLIN)
a .b370737313
942 ## - ADDED ENTRY ELEMENTS (KOHA)
Koha item type Libro/Book
Holdings
Withdrawn status Lost status Damaged status Not for loan Home library Current library Shelving location Date acquired Inventory number Total Checkouts Full call number Barcode Date last seen Date checked out Price effective from Koha item type
        San Juan Del Sur -- Biblioteca San Juan Del Sur -- Biblioteca English 16/01/2025 Inventory date: 15-5-25 2 F 30026599 13/04/2026 07/04/2026 16/01/2025 Libro/Book

Powered by Koha